Normal view
MARC view
Entry Personal Name
001 - CONTROL NUMBER
- control field: 72828
003 - CONTROL NUMBER IDENTIFIER
- control field: dpl
005 - DATE AND TIME OF LATEST TRANSACTION
- control field: 20241015121535.0
008 - FIXED-LENGTH DATA ELEMENTS
- fixed length control field: 241015|| aca||aabn | a|a d
040 ## - CATALOGING SOURCE
- Original cataloging agency: dpl
- Transcribing agency: dpl
100 ## - HEADING--PERSONAL NAME
- Personal name: नाग, शिवानी
670 ## - SOURCE DATA FOUND
- Source citation: Work cat.: (dpl)206407: नाग, शिवानी, अध्यापन कर्म, अध्यापक की छवि व अस्मिता/, 2021
